| 000 | 00422nam a2200157Ia 4500 | ||
|---|---|---|---|
| 003 | IQ-KOUCL | ||
| 041 | _aArabic | ||
| 082 | _a956,02 cut-389 م | ||
| 100 | _a20260118u\\\\\\\\\\\y0engy0103\\\\ba | ||
| 100 | _aمحمد محمود | ||
| 245 | 0 | _aنبوة محمد التاريخ والصناعة | |
| 250 | _aط1 | ||
| 260 |
_bمنشورات الجمل _aبيروت - لبنان _c2017 |
||
| 300 | _a474 | ||
| 942 | _cBk | ||
| 999 |
_c185948 _d185948 |
||